Music Quiz

Random Music or Artist Quiz

Rolling Stone's 50 Greatest Albums by Women Quiz Stats

 Plays Quiz not verified by Sporcle

Challenge
Share
Tweet
Embed
Score 0/50 Timer 08:00
0 Plays Today
% Correct
Alanis Morissette
96.5%
Madonna
93.9%
Aretha Franklin
92.4%
Adele
91.9%
Fleetwood Mac
91.9%
Blondie
90.4%
Dolly Parton
88.4%
Lady Gaga
87.9%
Janis Joplin
86.4%
Lauryn Hill
85.9%
Heart
85.4%
Dusty Springfield
84.8%
Salt-n-Pepa
82.3%
Donna Summer
80.3%
Carole King
80.3%
Janet Jackson
79.8%
Cyndi Lauper
78.8%
The Go-Go's
77.3%
Joan Jett
75.8%
The Pretenders
74.7%
Etta James
74.2%
The Supremes
72.2%
Patti Smith
71.7%
Labelle
70.2%
Joni Mitchell
70.2%
% Correct
Linda Rondstadt
65.7%
M.I.A.
65.7%
The Ronettes
63.1%
Björk
60.6%
Beyoncé
60.1%
Hole
60.1%
Liz Phair
56.6%
Patsy Cline
55.6%
The Breeders
55.1%
Alicia Keys
50.5%
Missy Elliott
50%
Lucinda Williams
47.5%
Taylor Swift
46%
PJ Harvey
41.9%
Yeah Yeah Yeahs
36.9%
Dionne Warwick
36.9%
X-Ray Spex
34.8%
Siouxsie and the Banshees
31.8%
Irma Thomas
30.3%
Fiona Apple
27.3%
Mary J. Blige
24.7%
Yoko Ono
24.2%
Bikini Kill
23.7%
Sleater-Kinney
22.2%
Bonnie Raitt
20.7%

You're not logged in!

Compare scores with friends on all Sporcle quizzes.
OR
Log In

You Might Also Like...

Show Comments

Extras

Top Quizzes Today


Score Distribution

Your Account Isn't Verified!

In order to create a playlist on Sporcle, you need to verify the email address you used during registration. Go to your Sporcle Settings to finish the process.

Report this User

Report this user for behavior that violates our Community Guidelines.

Details: